01520 2200409 4500001002100000005001500021035002000036007000300056008004100059020002200100040002200122082001700144084001900161090002200180100002600202245028600228250003400514300003000548650003200578700004300610700002800653700003400681700002600715700004100741700003400782700004600816700002600862700001900888700003200907850001200939264004100951336002100992337003001013338002301043999002201066990002201088INLIS00000000086468620210916085252 a0010-0921000436ta210916s2021 yoi gr p ind d a978-623-6600-52-8 aYOPDYOGbinderda04223a899.2211 a899.2211 HAB g aCB-D.11 2021-10170 aHabibah Auniepenulis10aGuratan asa anak bangsa :bantologi puisi /cpenulis, Habibah Auni, Erinda Sundari Saputri, Aditya Pratama, Dimas Fathur Chandra, Gemi Nastiti, Ghrislane Ribkaswari, Tessa Lounica, Adam Andriantama Bayu Aji, Leni Marlena, Linah, Nurul Adlina Wahid; penyunting, Dimas Fathur Chandra aCetakan pertama, Januari 2021 axii, 144 halaman ;c21 cm 4aPuisi Indonesia--xKumpulan0 aErinda Sundari Saputrid2001-epenulis0 aAditya Pratamaepenulis0 aDimas Fathur Chandraepenulis0 aGemi Nastitiepenulis0 aGhrislane Ribkaswarid2000-epenulis0 aTessa Lounicad1999-epenulis0 aAdam Andriantama Bayu Ajid2000-epenulis0 aLeni Marlenaepenulis0 aLinahepenulis0 aNurul Adlina Wahidepenulis aYOPDYOG31aBantul :bLembaga Ladang Kata,c2021 2rdacontentateks 2rdamediaatanpa perantara 2rdacarrieravolume aCB-D.11/2021-1017 aCB-D.11/2021-1017